000 00797nam a2200241 a 4500
001 1185
003 BR-CuiBMT
005 20231130212901.0
008 231130s2005 mtba 000 0 por d
020 _a8589898326
040 _aBR-CuiBMT
_cBR-CuiBMT
080 _22007
_a37.014
_x(817.2)
090 _a37.014(817.2)
_bM264d
100 1 _aMamedes, Cleusa Bernadete Larranhagas,
_d1958-
245 _aDemocracia na escola pública e participação de professores /
_cCleusa Bernadete Larraganhas Mamedes.
260 _aCáceres,MT :
_bEdunemat,
_c2005.
300 _a176 p.:
_bil.
_c20 cm
504 _aInclui bibliografia.
650 _aPolítica educacional
_zMato Grosso
650 _aGestão democrática
_xEducação
_zMato Grosso
650 _aEducação
_zMato Grosso
942 _2udc
_cLV
999 _c1185
_d1185